| 000 | 01366nam a2200265Ia 4500 | ||
|---|---|---|---|
| 999 |
_c39085 _d39085 |
||
| 001 | 5653 | ||
| 003 | GE_BSU | ||
| 005 | 20191024104012.0 | ||
| 008 | 181216s2009||||ge |||||||||||||| ||geo|| | ||
| 020 | _a9789941905070 | ||
| 040 | _cGE_BSU | ||
| 041 | _ageo | ||
| 080 | _a633.5/9:631.529 ს-32 | ||
| 245 |
_aსაქართველოში ინტროდუცირებული ტექნიკური მცენარეები / _cთ. კვენიაშვილი, ე. გორდაძე, ც. ჟორჟოლიანი, ბ. თვალოძე ; რედ. რ. კილაძე. |
||
| 264 |
_aქუთაისი _bლამპარი _c2009 |
||
| 300 |
_a156 გვ. : _bილ. ცხრ. ; _c20 სმ. |
||
| 653 | _aინტროდუცირებული ტექნიკური მცენარეები; | ||
| 653 | _aსასოფლო-სამეურნეო კულტურები | ||
| 700 |
_aკვენიაშვილი, თ. _eავტორი _94973 |
||
| 700 |
_aგორდაძე, ე. _eავტორი _94974 |
||
| 700 |
_aჟორჟოლიანი, ც. _eავტორი _94975 |
||
| 700 |
_aთვალოძე, ბ. _eავტორი _94976 |
||
| 700 |
_aკილაძე, რ. _eრედაქტორი _94977 |
||
| 942 |
_cBK _2udc |
||